000
00298nam a22001457a 4500
003
SGT
082
_a
658.8,CAT
100
_a
CATEORA,PHILIP R
245
_a
INTERNATIONAL MARKETING
250
_a
11TH
260
_a
NEW DELHI
_b
TMH
_c
2002
300
_a
693
650
_a
MARKETING
942
_2
ddc
_c
BK
999
_c
9669
_d
9669